000
00356nam a2200145Ia 4500
008
231207s9999 xx 000 0 und d
041
_a
eng
082
_a
005.13/RAM
100
_a
Ram Kumar
245
_a
Programming in Ansi C
250
_a
2002 Ed.
260
_b
Tata mc graw hill New Delhi
300
_a
PB/452
650
_a
Comnputer Program Language
999
_c
943191
_d
943191